MARC

LEADER 00000nam0a2200000 4500
001 123823
005 20231031130639.0
035 |a (RuTPU)RU\TPU\book\134013 
090 |a 123823 
100 |a 20071024d1981 k y0rusy50 ca 
101 0 |a rus 
102 |a RU 
105 |a a z 001zy 
200 1 |a Акустические методы измерения расстояний и управления  |f А. А. Горбатов, Г. Е. Рудашевский 
205 |a 2-е изд., перераб. и доп. 
210 |a Москва  |c Энергоиздат  |d 1981 
215 |a 208 с.  |c ил. 
320 |a Библиогр.: с. 202-205. 
610 1 |a газовые среды 
610 1 |a измерения 
610 1 |a физические основы 
610 1 |a упругие волны 
610 1 |a модуляция 
610 1 |a сигналы 
610 1 |a преобразования 
610 1 |a электрические установки 
610 1 |a дистанционное управление 
675 |a 528.51  |v 3 
700 1 |a Горбатов  |b А. А.  |g Алексей Алексеевич 
701 1 |a Рудашевский  |b Г. Е.  |g Герман Евгеньевич 
801 1 |a RU  |b 63413507  |c 20071024  |g PSBO 
801 2 |a RU  |b 63413507  |c 20080924  |g PSBO 
942 |c BK